Business Elites and Urban Development : Case Studies and Critical Perspectives /
Estudio, enfocado desde una perspectiva neomarxista, sobre los resultados de la política urbana del período presidencial de Ronald Reagan en los Estados Unidos (1988), cuando el gobierno transfirió la responsabilidad de la planeación y el desarrollo urbanos a la iniciativa privada, en una decisión m...
সংরক্ষণ করুন:
| প্রধান লেখক: | |
|---|---|
| বিন্যাস: | গ্রন্থ |
| ভাষা: | ইংরেজি |
| প্রকাশিত: |
Albany, EUA :
State University of New York,
1988, c1988
|
| বিষয়গুলি: | |
| ট্যাগগুলো: |
কোনো ট্যাগ নেই, প্রথমজন হিসাবে ট্যাগ করুন!
|
MARC
| LEADER | 00000nam^a2200000^a^4500 | ||
|---|---|---|---|
| 001 | 000123279 | ||
| 005 | 20250521000000.0 | ||
| 009 | 20260310094531.186 | ||
| 020 | |a 0-88706-578-3 | ||
| 037 | |a Acervo ITESO - Biblioteca | ||
| 041 | |a ING | ||
| 082 | |a 711. 40973 |b CUM | ||
| 100 | |a Cummings, Scott |e (ed.) | ||
| 245 | 1 | 0 | |a Business Elites and Urban Development : |b Case Studies and Critical Perspectives / |c Ed. e introd. de S. Cummings. |
| 264 | 4 | |a Albany, EUA : |b State University of New York, |c 1988, c1988 | |
| 300 | |a XI, 395 p. | ||
| 336 | |a texto |b txt |2 rdacontenido | ||
| 337 | |a sin mediación |b n |2 rdamedio | ||
| 338 | |a volumen |b nc |2 rdasoporte | ||
| 520 | |a Estudio, enfocado desde una perspectiva neomarxista, sobre los resultados de la política urbana del período presidencial de Ronald Reagan en los Estados Unidos (1988), cuando el gobierno transfirió la responsabilidad de la planeación y el desarrollo urbanos a la iniciativa privada, en una decisión marcadamente distinta a las tendencias liberales de las décadas de 1960 y 1970. | ||
| 649 | |a XX | ||
| 650 | |a Planeación Urbana - |z EUA | ||
| 650 | |a Desarrollo Urbano - |z EUA | ||
| 650 | |a Política Urbana - |z EUA - |x Historia - |y 1981-1989 | ||
| 650 | |a Política Urbana - |z EUA - |x Historia - |y Siglo XX | ||
| 650 | |a Privatización - |z EUA | ||
| 650 | |a Empresas - |z EUA | ||
| 650 | |a Sector Privado - |z EUA | ||
| 650 | |a Neomarxismo | ||
| 650 | |a Urbanismo | ||
| 910 | |a Fondo General | ||
| 920 | |a Impresos - Libros | ||
| 930 | |a Colección General | ||
| 905 | |a 101 | ||
| 901 | |a 0500056877 |b IT1 |c ACC |u 20250521 | ||
| 901 | |a 0500056876 |b IT1 |c ACC |u 20250521 | ||
| 902 | |a https://opac.biblio.iteso.mx/vufind/Record/000123279 | ||